000 01821nam0a2200277 4500
001 RU\NLR\19V\937595
005 20250626060311.0
035 _a(NLR Aleph) 011395038
090 _a11474100
_c11474100
100 _a20170524d1892 |||y0rusy50 ca
101 0 _arus
102 _aRU
105 _aa j 000zy
200 1 _aПолное руководство к изучению скорописи помощью письменных наставлений и искусство превратить в короткое время заочно самый дурной почерк в правильный и блестящий по красоте по системе профессора каллиграфии члена Парижской и Брюссельской академий искусств
_eпервое письмо
_fА. Коссодо в Одессе, удостоен аттестатов Императорского Новороссийского университета и других учебных заведений, похвальных отзывов знаменитейших педагогов и профессоров, золотых медалей на разных выставках и на Всемирной Парижской Выставке 1889 г.
210 _aОдесса
_cТипо-Лит. Соколовского и Паппадато
_dценз. 1892
215 _a3 с.
_cил.
_d29
309 _aБез тит. л. и обл.
316 _aПриплетено 4 кн.
_5NLR
700 1 _aКоссодо
_bА.И.
_gАдольф Исидорович
801 0 _aRU
_bNLR
_c20170524
_gpsbo
801 1 _aRU
_bNLR
_c20170524
_2rusmarc
801 2 _aRU
_bNLR
_c20170524
_2rusmarc
852 _aNLR
_j18.180.1.263(1)
942 _cBOOK
980 _aNB